Giacomo Ceruti /

Bibliographic Details
Main Author: Ferro, Filippo
Format: Book
Language:Italian
Published: Milano : Fratelli Fabbri, 1966.
Series:Maestri del colore ; 173.
Subjects:

MARC

Tag First Indicator Second Indicator Subfields
LEADER 00000cam a2200000 i 4500
001 in00000591821
005 20151014073122.0
008 790706s1966 it af 00010 ita d
035 |a (OCoLC)05144336 
035 |9 ACP3940AM 
040 |a KSW  |c KSW  |d TXA  |d UtOrBLW 
049 |a TXAM  |c [A09490657] 
090 |a ND623.C52  |b M33 1966 
100 1 |a Ferro, Filippo. 
245 1 0 |a Giacomo Ceruti /  |c [Filippo Ferro]. 
264 1 |a Milano :  |b Fratelli Fabbri,  |c 1966. 
300 |a 7 unnumbered pages, 16 pages of plates :  |b illustrations (some color) ;  |c 36 cm. 
336 |a text  |b txt  |2 rdacontent 
337 |a unmediated  |b n  |2 rdamedia 
338 |a volume  |b nc  |2 rdacarrier 
490 1 |a I Maestri del colore ;  |v 173 
600 1 0 |a Ceruti, Giacomo. 
830 0 |a Maestri del colore ;  |v 173. 
999 |a MARS 
999 f f |s 6f819017-164b-357b-8a7b-28a2c540d249  |i 6e2a927a-944d-369d-a500-7c5ccbe08404  |t 0 
952 f f |p ric  |a Texas A&M University  |b Rellis Campus  |c Joint Library Facility  |d Remote Storage  |t 0  |e ND623.C52 M33 1966  |f Oversize  |h Library of Congress classification  |i unmediated -- volume  |m A14809490657 
998 f f |a ND623.C52 M33 1966  |t 0  |l Remote Storage